000
00324nam a2200121Ia 4500
008
220216s9999 xx 000 0 und d
100
_a
Muraleedharan N.
245
0
_a
Impact of climate change on pests and diseases of tea
260
_b
Planters Chronicle
_c
2010
300
_a
23-25
650
_a
Climate change
942
_c
JS
999
_c
60720
_d
60720